1072 1049 1996 1222 1198 1507 1498 1810 1106 1454 1454 1865 1725 1749 1303 1336 1435 1809 1747 1751 1013 1405 1642 1274 1414 1659 1935 1000 1253 1033 1453 1933 1757 1318 1772 1449 1327 1296 1068 1718 1298 1351 1900 1892 1100 1710 1295 1442 1383 1556 1829 1940 1859 1125 1805 1410 1219 1335 1112 1272 1151 1767 1624 1499 1969 1161 1059 1953 1335 1845 1921 1243 1016 1258 1804 1342 1511 1402 1317 1141 1956 1082 1404 1933 1112 1880 1031 1172 1701 1177 1961 1460 1629 1607 1763 1231 1052 1732 1348 BCNSPRNW ULIB Ver.6.0+V

เปลี่ยนเป็นภาษาไทย

Change to English
 แสดงรายละเอียดบรรณานุกรม
  กลับหน้าหลัก

Brief Record : Get Marc (ISO 2709) : E-mail record : QR code < ปิดหน้าต่าง
LEADER : 00000nam 2200000uu 4500
001    13399128566
003     ULIB
008    230912s2565||||th 000 0 tha d
020    ^a9786168012253
060 04 ^aWY32^bผ931
245 10 ^aแผนกลยุทธ์การพยาบาลและการผดุงครรภ์ พ.ศ. 2565-2569 /^cสภาการพยาบาล ; บรรณาธิการ ประคิณ สุจฉายา
250    ^aพิมพ์ครั้งที่ 1
260    ^aนนทบุรี :^bสื่อตะวัน,^c2565
300    ^a132 หน้า :^bภาพประกอบ ;^c30 ซม.
650  4 ^aการพยาบาล
650  4 ^aแผนพัฒนาเศรษฐกิจและสังคมแห่งชาติ
700 0  ^aประคิณ สุจฉายา,^eบรรณาธิการ
710 2  ^aสภาการพยาบาล
945    ^p0^l0^i010312
999    ^aประนอม เกษจรัล
รายการนี้ยังไม่มีแท็ก
คุณยังไม่ได้ล็อกอิน คุณสามารถมีกิจกรรมร่วมกับเว็บไซต์ได้ แต่ต้องล็อกอินก่อน ::
  ล็อกอิน

รายการสื่อสารสนเทศ

ลำดับที่ ประเภท เลขเรียก/บาร์โค้ด สถานที่ สถานะ
1. Book การพยาบาล
หนังสือสำรอง
สถานะ=หนังสือสำรอง
WY32 ผ931 ฉ.1 
  Barcode: 010312
ห้องสมุดวิทยาเขตสวรรค์ประชารักษ์
►หนังสือทั่วไป
บนชั้น

รายการใกล้เคียง
    หัวเรื่อง [การพยาบาล]
    หัวเรื่อง [แผนพัฒนาเศรษฐกิจและสังคมแห่งชาติ]

BibComment


ยังไม่เคยถูกคอมเมนท์

คอมเมนท์ทรัพยากรรายการนี้
  คอมเมนท์: แผนกลยุทธ์การพยา..


 Copyright 2026. Bcnsprnw @Library